1671 1263 1146 1884 1949 1211 1561 1982 1615 1291 1707 1371 1027 1231 1766 1950 1667 1677 1981 1571 1959 1288 1291 1279 1111 1265 1726 1407 1377 1642 1124 1580 1805 1605 1817 1715 1958 1295 1272 1155 1144 1201 1056 1623 1245 1577 1856 1161 1412 1446 1942 1003 1163 1147 1873 1819 1723 1888 1628 1213 1776 1243 1946 1292 1171 1587 1899 1012 1889 1498 1462 1779 1336 1964 1176 1837 1967 1583 1485 1269 1613 1770 1446 1574 1942 1096 1387 1588 1541 1687 1729 1669 1603 1607 1126 1745 1732 1250 1296 BCNSPRNW ULIB Ver.6.0+V

เปลี่ยนเป็นภาษาไทย

Change to English
 แสดงรายละเอียดบรรณานุกรม
  กลับหน้าหลัก

Brief Record : Get Marc (ISO 2709) : E-mail record : QR code < ปิดหน้าต่าง
LEADER : 00000nam 2200000uu 4500
001    13399121343
003     ULIB
008    121115s2555||||th 000 0 tha d
099    วจ.WB935^bอ324ค
100 0  อรทัย แซ่ตั้ง และประภาพร มโนรัตน์
245 00 ความพึงพอใจของผู้รับบริการต่อบริการบริการการแพทย์แผนไทยของสถาบันบริการการแพทย์แผนไทย วิทยาลัยบรมราชชนนี อุตรดิตถ์^cอรทัย แซ่ตั้ง และประภาพร มโนรัตน์
246 0  Customer satisfaction toward Thai traditional medical clinic at Boromarajonani College of nursing, Uttaradit
260    ^c2555
300    41 แผ่น ^bภวคผนวก
650  4 ความพึงพอใจ^xวิจัย
650  4 สถานบริการการแพทย์แผนไทย^;bวิจัย
945    ^p0^l0^i033086
995    เกษร
999    ^aใช้งานได้ทุกระบบ
รายการนี้ยังไม่มีแท็ก
คุณยังไม่ได้ล็อกอิน คุณสามารถมีกิจกรรมร่วมกับเว็บไซต์ได้ แต่ต้องล็อกอินก่อน ::
  ล็อกอิน

รายการสื่อสารสนเทศ

ลำดับที่ ประเภท เลขเรียก/บาร์โค้ด สถานที่ สถานะ
1. งานวิจัย
งานวิจัย
วจ.WB935 อ324ค  
  Barcode: 033086
ห้องสมุดวิทยาเขตสวรรค์ประชารักษ์
►วิจัย
บนชั้น

BibComment


ยังไม่เคยถูกคอมเมนท์

คอมเมนท์ทรัพยากรรายการนี้
  คอมเมนท์: ความพึงพอใจของผู้..


 Copyright 2026. Bcnsprnw @Library